| 000 | 00675nam a2200205 i 4500 | ||
|---|---|---|---|
| 001 | 12235 | ||
| 003 | ES-MaACL | ||
| 005 | 20230906150253.0 | ||
| 008 | 960417s1994 sp ||||0| spa | ||
| 020 | _a84-605-1395-5 | ||
| 080 | _a067.27(460.27 M.) | ||
| 080 | _a7.025.4(460) | ||
| 245 | 0 | 3 | _aLa Fundación Cultural Banesto y la conservación del patrimonio histórico. |
| 260 |
_a[Madrid] : _bFundación Cultural Banesto, _c[1994] |
||
| 300 |
_a197 p. : _bil. col. ; _c26 cm. |
||
| 610 | 2 | 4 |
_aFundación Cultural Banesto. _94258 |
| 650 | 1 | 4 |
_aObras de arte- _xRestauración- _zEspaña. _9171254 |
| 710 | 2 |
_aFundación Cultural Banesto. _94258 |
|
| 852 |
_aES-MaACL _jL-19635 |
||
| 999 |
_c12235 _d12235 |
||